Seven Things - Statistics

General Stats
  • This quiz has been taken 33 times
  • The average score is 7 of 15
Answer Stats
Hint Answer % Correct
Bashful, Doc, Dopey, Grumpy, Happy, Sleepy, Sneezy Seven {Dwarfs}
90%
Antarctic, Arctic, Indian, North Atlantic, North Pacific, South Atlantic, South Pacific Seven {Seas}
87%
Envy, Gluttony, Greed, Lust, Pride, Sloth, Wrath Seven {Deadly Sins}
84%
Charity, Chastity, Diligence, Humility, Kindness, Patience, Temperance Seven {Virtues}
58%
Conflict spanning five continents from 1756-1763 Seven {Years' War}
58%
Aurora Borealis, Harbor of Rio de Janeiro, Grand Canyon, Great Barrier Reef, Mount Everest, Paricutin, Victoria Falls Seven {Natural Wonders}
52%
1960 film starring Yul Brynner, or the 2016 remake starring Denzel Washington {The Magnificent} Seven
48%
White Stripes song that won the Best Rock Song Grammy Award in 2004 Seven {Nation Army}
45%
2008 drama starring Will Smith Seven {Pounds}
39%
1997 biographical war drama starring Brad Pitt Seven {Years in Tibet}
35%
"Star Trek: Voyager" character portrayed by Annika Hansen Seven {of Nine}
32%
Aconcagua, Denali, Kilimanjaro, Mount Elbrus, Mount Everest, Mount Vinson, Puncak Jaya Seven {Summits}
29%
Aventine, Caelian, Capitoline, Esquiline, Palatine, Quirinal, Viminal Seven {Hills of Rome}
26%
Cocktail of whisky and 7 Up on ice served with a lemon wedge Seven {and Seven}
19%
Third studio album by Duran Duran, released in 1983 Seven {and the Ragged Tiger}
6%
No matching quizzes found
Score Distribution
Percent of People with Each Score
Percentile by Number Answered
Your Score History
You have not taken this quiz